Normal view MARC view
  • Turnaround Management Association United Kingdom

Entry Corporate Name

Number of records used in: 2

001 - CONTROL NUMBER

  • control field: 5855

003 - CONTROL NUMBER IDENTIFIER

  • control field: SIRSI

005 - DATE AND TIME OF LATEST TRANSACTION

  • control field: 20190806150247.0

008 - FIXED-LENGTH DATA ELEMENTS

  • fixed length control field: 100601n| acannaabn |n ana d

040 ## - CATALOGING SOURCE

  • Original cataloging agency: OSt
  • Transcribing agency: OSt

110 2# - HEADING--CORPORATE NAME

  • Corporate name or jurisdiction name as entry element: Turnaround Management Association United Kingdom

670 ## - SOURCE DATA FOUND

  • Source citation: A handbook for directors, executives and advisers, 2010